000 00230nam a2200097Ia 4500
008 240331s9999 xx 000 0 und d
082 _bCHA
100 _aChakravarti, U
245 4 _aThe social dimension of early buddhism
942 _cL
999 _c2164
_d2164